Global implication of space activities / (Record no. 2450)

MARC details
000 -LEADER
fixed length control field 006650000a22002170004500
001 - CONTROL NUMBER
control field 002450
005 - DATE AND TIME OF LATEST TRANSACTION
control field 20250617114433.0
008 - FIXED-LENGTH DATA ELEMENTS--GENERAL INFORMATION
fixed length control field 130817t xxu||||| |||| 00| 0 eng d
020 ## - INTERNATIONAL STANDARD BOOK NUMBER
International Standard Book Number 091592868X
082 ## - DEWEY DECIMAL CLASSIFICATION NUMBER
Classification number 500.5
Item number GLO
090 ## - LOCALLY ASSIGNED LC-TYPE CALL NUMBER (OCLC); LOCAL CALL NUMBER (RLIN)
-- 2450
-- 2450
245 ## - TITLE STATEMENT
Title Global implication of space activities /
260 ## - PUBLICATION, DISTRIBUTION, ETC.
Place of publication, distribution, etc. New York :
Date of publication, distribution, etc. 1982
Name of publisher, distributor, etc. American Institute of Aeronaustics and Astronantics
300 ## - PHYSICAL DESCRIPTION
Extent vii, 153 p. :
Other physical details ill. ;
Dimensions 23 cm.
500 ## - GENERAL NOTE
General note Includes bibliographical references
650 ## - SUBJECT ADDED ENTRY--TOPICAL TERM
Topical term or geographic name entry element Space science
9 (RLIN) 21830
650 ## - SUBJECT ADDED ENTRY--TOPICAL TERM
Topical term or geographic name entry element United States - congresses
9 (RLIN) 21831
650 ## - SUBJECT ADDED ENTRY--TOPICAL TERM
Topical term or geographic name entry element Astronautics
9 (RLIN) 21832
650 ## - SUBJECT ADDED ENTRY--TOPICAL TERM
Topical term or geographic name entry element United States
9 (RLIN) 4398
942 ## - ADDED ENTRY ELEMENTS (KOHA)
Koha item type Book
Source of classification or shelving scheme Dewey Decimal Classification
Holdings
Withdrawn status Lost status Source of classification or shelving scheme Damaged status Not for loan Home library Current library Date acquired Total Checkouts Full call number Barcode Date last seen Price effective from Koha item type
    Dewey Decimal Classification     Archbishop Kiwanuka Memorial Library Archbishop Kiwanuka Memorial Library 20/06/2008   500.5 GLO 2450 17/08/2013 20/06/2008 Book

Archbishop Kiwanuka Memorial Library | Uganda Martyrs University P.O. Box : 5498 Kampala, Uganda
Tel : +256-(0) 382-277-901 or +256-(0) 382-410-611 / E-mail : library@umu.ac.ug